Relations between precipitation and daily and monthly mean flows in gaged, unmined and valley-filled watersheds, Ballard Fork, West Virginia, 1999-2001 /

Bibliographic Details
Main Author: Messinger, Terence
Corporate Authors: United States. Office of Surface Mining Reclamation and Enforcement, Geological Survey (U.S.)
Other Authors: Paybins, Katherine S., 1966-
Format: Government Document Book
Language:English
Published: Charleston, W. Va. : U.S. Dept. of the Interior, U.S. Geological Survey ; 2003.
Series:Water-resources investigations report ; 03-4113.
Subjects:

MARC

Tag First Indicator Second Indicator Subfields
LEADER 00000cam a2200000 a 4500
001 in00001790739
005 20151025125351.0
008 031106s2003 wvuab b f000 0 eng c
035 |a (OCoLC)ocm53399850 
040 |a GIS  |c GIS  |d GPO  |d MvI  |d UtOrBLW 
042 |a pcc 
043 |a n-us-wv 
049 |a UDOC 
074 |a 0624-B 
086 0 |a I 19.42/4:03-4113 
100 1 |a Messinger, Terence. 
245 1 0 |a Relations between precipitation and daily and monthly mean flows in gaged, unmined and valley-filled watersheds, Ballard Fork, West Virginia, 1999-2001 /  |c Terence Messinger and Katherine S. Paybins ; prepared in cooperation with the Office of Surface Mining, Reclamation, and Enforcement. 
246 3 |a Relations between precipitation and daily and monthly mean flows in gaged, unmined and valley filled watersheds, Ballard Fork, West Virginia, 1999-2001 
264 1 |a Charleston, W. Va. :  |b U.S. Dept. of the Interior, U.S. Geological Survey ;  |c 2003. 
264 2 |a Denver, CO :  |b U.S. Geological Survey, Branch of Information Services [distributor], 
300 |a iv, 51 pages :  |b illustrations, maps ;  |c 28 cm. 
336 |a text  |b txt  |2 rdacontent 
337 |a unmediated  |b n  |2 rdamedia 
338 |a volume  |b nc  |2 rdacarrier 
490 1 |a Water-resources investigations report ;  |v 03-4113 
500 |a Shipping list number: 2004-0019-P. 
500 |a Shipping List Date: 11/03/2003 
504 |a Includes bibliographical references (pages 26-27). 
650 0 |a Precipitation (Meteorology)  |z West Virginia  |z Ballard Fork Watershed  |x Measurement. 
650 0 |a Stream measurements  |z West Virginia  |z Ballard Fork Watershed. 
650 0 |a Runoff  |z West Virginia  |z Ballard Fork Watershed. 
650 0 |a Strip mining  |x Environmental aspects  |z West Virginia  |z Ballard Fork Watershed. 
700 1 |a Paybins, Katherine S.,  |d 1966- 
710 1 |a United States.  |b Office of Surface Mining Reclamation and Enforcement. 
710 2 |a Geological Survey (U.S.) 
830 0 |a Water-resources investigations report ;  |v 03-4113. 
999 |a MARS 
999 f f |s 88ea308d-4c35-3938-aab8-e27ebef9b624  |i e67997f1-45fc-3c66-bd7b-daa7b8aae130  |t 0 
952 f f |p normal  |a Texas A&M University  |b College Station  |c Sterling C. Evans Library  |d Evans: US Documents (Annex 5th floor)  |t 0  |e I 19.42/4:03-4113  |h Superintendent of Documents classification  |i unmediated -- volume  |m A14831001955 
998 f f |a I 19.42/4:03-4113  |t 0  |l Evans: US Documents (Annex 5th floor)